Opening business eyes (Record no. 71171)
[ view plain ]
| 000 -LEADER | |
|---|---|
| fixed length control field | 01054cam a2200217 4500 |
| 001 - CONTROL NUMBER | |
| control field | WB3834-05 |
| 008 - FIXED-LENGTH DATA ELEMENTS--GENERAL INFORMATION | |
| fixed length control field | 020918n2002 000 0 eng u |
| 035 ## - SYSTEM CONTROL NUMBER | |
| System control number | (Sirsi) u119739 |
| 245 ## - TITLE STATEMENT | |
| Title | Opening business eyes |
| 260 ## - PUBLICATION, DISTRIBUTION, ETC. | |
| Date of publication, distribution, etc. | 2002 |
| 490 ## - SERIES STATEMENT | |
| Series statement | RICS Press Release |
| Volume/sequential designation | (pr110) 18 September 2002, (3) |
| 520 ## - SUMMARY, ETC. | |
| Summary, etc. | RICS has launched its 'Property in Business' national campaign to encourage small businesses to streamline their property assets. It aims to show the business community how the right property strategy can boost profits. Supporting material available as follows: "Property solutions" at www.rics.org/about_us/property_solutions Summary of "Property in business: a waste of space" at www.rics.org/downloads/property_in_business_summ.pdf "Businesses tackling property issues" at www.rics.org/downloads/business_tackling.pdf |
| 590 ## - LOCAL NOTE (RLIN) | |
| Local note | WB |
| 650 ## - SUBJECT ADDED ENTRY--TOPICAL TERM | |
| Topical term or geographic name entry element | RICS |
| 650 ## - SUBJECT ADDED ENTRY--TOPICAL TERM | |
| Topical term or geographic name entry element | SMES |
| 650 ## - SUBJECT ADDED ENTRY--TOPICAL TERM | |
| Topical term or geographic name entry element | BUSINESSES |
| 650 ## - SUBJECT ADDED ENTRY--TOPICAL TERM | |
| Topical term or geographic name entry element | PROPERTY ASSETS |
| 650 ## - SUBJECT ADDED ENTRY--TOPICAL TERM | |
| Topical term or geographic name entry element | COMMERICAL PROPERTY |
| 690 ## - LOCAL SUBJECT ADDED ENTRY--TOPICAL TERM (OCLC, RLIN) | |
| Topical term or geographic name as entry element | MANAGEMENT-BUSINESS MANAGEMENT |
| 942 ## - ADDED ENTRY ELEMENTS (KOHA) | |
| Suppress in OPAC | 0 |
| Withdrawn status | Lost status | Source of classification or shelving scheme | Damaged status | Not for loan | Home library | Current library | Shelving location | Date acquired | Total Checkouts | Full call number | Barcode | Date last seen | Copy number | Price effective from | Koha item type |
|---|---|---|---|---|---|---|---|---|---|---|---|---|---|---|---|
| Dewey Decimal Classification | London | London | News article | 18/09/2002 | WB3834-05 | 119739-1001 | 06/08/2019 | 1 | 06/08/2019 | News article |